000 01084nam a22003377a 4500
005 20251013174847.0
008 170718b2013 xxu||||| |||| 00| 0 spa d
020 _a9786073221146
041 _aESP
082 _a302.2 F475i
100 _aFigueroa Bermúdez, Romeo Antonio
_943389
245 _aIntroducción a las teorías de la comunicación
260 _aMéxico
260 _bPearson Educación
260 _c2013
300 _a272 páginas
490 _aTemática General
650 _aCOMUNICACIÓN
650 _aGENEALOGÍA DE LAS CORRIENTES TEÓRICAS
650 _aCÓMO LA DIFUSIÓN SE TRANSFORMA EN COMUNICACIÓN
650 _aTELECOMUNICACIONES
650 _aSURGIMIENTO DE LA INVESTIGACIÓN DE LA COMUNICACIÓN APLICADA
650 _aESCUELAS CONTEMPORÁNEAS DE COMUNICACIÓN
650 _aCENTRO DE ESTUDIOS DE COMUNICACIONES DE MASAS
650 _aHISTORIAS DE LA COMUNICACIÓN
650 _aESCENARIOS
650 _aECOLOGÍA HUMANA
650 _aESCUELAS CONTEMPORÁNEAS
650 _aHISTORIA DE LA COMUNICACIÓN
942 _cBK
_2ddc
999 _c9641
_d9641